000 00872nam a22002897a 4500
001 BR9704720
003 BR-BrBNA
005 20230928095740.0
007 ta
008 230509b bl.||||| |||| 00| 0 por d
040 _aBR-BrBNA
_bpor
_cBiblioteca Nacional de Agricultura
041 _a(Por)
072 _aE50
090 _ E50 BR9704720
110 1 _aMinisterio da Previdencia e Assistencia Social, Brasilia, DF (Brasil). Secretaria de Assistencia Social
_97059
245 1 _aA trajetoria do combate a exploracao do trabalho infantil
260 3 _aBrasilia, DF (Brasil):
_c1997.
300 _avp.
500 _a33 illus.; 21 ref.
650 _aTrabalho de Menor
650 _aAssistencia Social
650 _aLegislacao Trabalhista
650 _aDireito do Trabalho
650 _aPolitica Social
909 _a202309
_bLucia
_c55
_dLucia Elande
942 _cBK
999 _c58436
_d58436